000 01016cam a2200229 4500
001 ABS67307
008 031211n2003 000 0 eng u
035 _a(Sirsi) u124608
100 _aWatson, B.
245 _aInsulation can make it too hot
260 _c2003
490 _aEstates Gazette
_v(0346) 15 November 2003, 128(1)
520 _aLooks at how insulation used in many prefabricated cladding and insulation panels may contain high densities of insulants. The insulants are inherently combustible but are necessary to ensure compliance with the revised Building Regulations. This danger has led to higher premiums being demanded from insurance companies. Suggests increased testing of these components may clarify the risks to insurance companies.
590 _aABS
650 _aINSULATION
650 _aPREFABRICATED BUILDINGS
650 _aCLADDING
650 _aBUILDING REGULATIONS
_96224
650 _aCOMBUSTIBLE MATERIALS
690 _aBUILT ENVIRONMENT-BUILDING MATERIALS
942 _n0
999 _c73952
_d73952